[Event "GRE-chT 32nd"]
[Site "Kallithea"]
[Date "2003.07.08"]
[Round "5"]
[White "Botsari, Anna Maria"]
[Black "Papadopoulou, Triantafilia"]
[Result "1-0"]
[WhiteElo "2380"]
[BlackElo "2104"]
[PlyCount "58"]
[EventDate "2003.07.04"]
[EventType "team-tourn"]
[EventRounds "9"]
[EventCountry "GRE"]
[SourceTitle "CBM 095 Extra"]
[Source "ChessBase"]
[SourceDate "2003.09.04"]
[SourceVersion "1"]
[SourceVersionDate "2003.09.04"]
[SourceQuality "1"]

1. d4 Nf6 2. c4 g6 3. Nc3 Bg7 4. e4 d6 5. f3 c5 6. d5 e6 7. Bg5 exd5 8. cxd5 a6 9. a4 h6 10. Be3 0-0 11. Qd2 Nbd7 12. Nge2 Re8 13. Nd1 Ne5 14. Nec3 Nh7 15. Be2 f5 16. 0-0 g5 17. exf5 Bxf5 18. Nf2 Nf6 19. Ra3 Qc7 20. h3 Bg6 21. Nce4 Nh5 22. g3 Rf8 23. Kg2 Rad8 24. f4 gxf4 25. gxf4 Nd7 26. Bg4 Nhf6 27. Be6+ Bf7 28. f5 Kh7 29. Bf4 Ne5 1-0

[Event "GRE-chT 32nd"]
[Site "Kallithea"]
[Date "2003.07.04"]
[Round "1"]
[White "Sperdokli, Elli"]
[Black "Papadopoulou, Triantafilia"]
[Result "1/2-1/2"]
[WhiteElo "2108"]
[BlackElo "2104"]
[PlyCount "97"]
[EventDate "2003.07.04"]
[EventType "team-tourn"]
[EventRounds "9"]
[EventCountry "GRE"]
[SourceTitle "CBM 095 Extra"]
[Source "ChessBase"]
[SourceDate "2003.09.04"]
[SourceVersion "1"]
[SourceVersionDate "2003.09.04"]
[SourceQuality "1"]

1. e4 c5 2. Nf3 Nc6 3. Bb5 g6 4. c3 Nf6 5. e5 Nd5 6. d4 cxd4 7. Qb3 Nc7 8. Bc4 Ne6 9. cxd4 Na5 10. Qc3 Nxc4 11. Qxc4 Qc7 12. Qc3 Bg7 13. 0-0 Qxc3 14. Nxc3 b6 15. Be3 Ba6 16. Rfc1 Rc8 17. Nd5 Bb7 18. Rxc8+ Bxc8 19. Rc1 Bb7 20. Nc7+ Kd8 21. Nxe6+ dxe6 22. Ng5 Rf8 23. Nxh7 Rh8 24. Ng5 Rf8 25. Bd2 Kd7 26. Bb4 Bd5 27. a3 a5 28. Bd2 f6 29. exf6 exf6 30. Nh3 g5 31. Be3 Rh8 32. f4 g4 33. Nf2 f5 34. Nd3 Rb8 35. Ne5+ Bxe5 36. dxe5 b5 37. b4 axb4 38. axb4 Ra8 39. Rc2 Ra1+ 40. Kf2 Rb1 41. Bc5 Rb3 42. Be3 Ke8 43. g3 Bc4 44. Ke1 Rxe3+ 45. Kd2 Re2+ 46. Kc1 Rxc2+ 47. Kxc2 Kf7 48. Kc3 Bf1 49. Kd4 1/2-1/2

[Event "Patras op 3rd"]
[Site "Patras"]
[Date "2001.07.26"]
[Round "9"]
[White "Farahat, Ali"]
[Black "Papadopoulou, Triantafilia"]
[Result "1-0"]
[WhiteElo "2289"]
[BlackElo "2136"]
[PlyCount "65"]
[EventDate "2001.07.18"]
[EventType "swiss"]
[EventRounds "9"]
[EventCountry "GRE"]
[SourceTitle "CBM 083 Extra"]
[Source "ChessBase"]
[SourceDate "2001.09.11"]
[SourceVersion "1"]
[SourceVersionDate "2001.09.11"]
[SourceQuality "1"]

1. e4 c5 2. Nf3 Nc6 3. d4 cxd4 4. Nxd4 g6 5. Nb3 Nf6 6. Nc3 Bg7 7. Be2 0-0 8. 0-0 a5 9. a4 d5 10. exd5 Nb4 11. Bf3 e6 12. d6 Nc6 13. Re1 Nd7 14. Nb5 Nce5 15. Be2 b6 16. f4 Nc6 17. Bf3 Bb7 18. c3 Rb8 19. Be3 e5 20. fxe5 Ncxe5 21. Bxb7 Rxb7 22. Qd5 Rb8 23. Bf4 Qh4 24. Bg3 Qh5 25. Nc7 Kh8 26. Nd4 b5 27. axb5 Nb6 28. Rxe5 Nxd5 29. Rxh5 Nxc3 30. bxc3 gxh5 31. Rxa5 Bf6 32. Kf1 Kg7 33. Nc6 1-0

[Event "Patras op 3rd"]
[Site "Patras"]
[Date "2001.07.22"]
[Round "5"]
[White "Mastrovasilis, Athanasios"]
[Black "Papadopoulou, Triantafilia"]
[Result "1-0"]
[WhiteElo "2441"]
[BlackElo "2136"]
[PlyCount "79"]
[EventDate "2001.07.18"]
[EventType "swiss"]
[EventRounds "9"]
[EventCountry "GRE"]
[SourceTitle "CBM 083 Extra"]
[Source "ChessBase"]
[SourceDate "2001.09.11"]
[SourceVersion "1"]
[SourceVersionDate "2001.09.11"]
[SourceQuality "1"]

1. Nf3 Nf6 2. g3 g6 3. b4 Bg7 4. Bb2 d6 5. Bg2 c6 6. c4 0-0 7. 0-0 Be6 8. d3 Qc8 9. Re1 Bh3 10. Bh1 Bh6 11. Nbd2 Nh5 12. c5 dxc5 13. bxc5 Nd7 14. Qc2 Qc7 15. Ne4 Rad8 16. Rab1 Bg7 17. Qa4 Nhf6 18. Bxf6 Nxf6 19. Nxf6+ Bxf6 20. Qxa7 Bc8 21. Qb6 Qxb6 22. Rxb6 Rd5 23. Rc1 Bd4 24. Nxd4 Rxd4 25. Rc3 Ra4 26. a3 Rd8 27. f4 f6 28. Kf2 e5 29. fxe5 fxe5 30. Rb4 Rd4 31. Rxd4 exd4 32. Rb3 Ra5 33. Bxc6 bxc6 34. Rb8 Rxc5 35. Rxc8+ Kf7 36. Rc7+ Ke6 37. Rxh7 Ra5 38. Rc7 c5 39. Rc6+ Kf5 40. Kf3 1-0

[Event "Patras op 3rd"]
[Site "Patras"]
[Date "2001.07.21"]
[Round "4"]
[White "Krakops, Maris"]
[Black "Papadopoulou, Triantafilia"]
[Result "1-0"]
[WhiteElo "2509"]
[BlackElo "2136"]
[PlyCount "48"]
[EventDate "2001.07.18"]
[EventType "swiss"]
[EventRounds "9"]
[EventCountry "GRE"]
[SourceTitle "CBM 083 Extra"]
[Source "ChessBase"]
[SourceDate "2001.09.11"]
[SourceVersion "1"]
[SourceVersionDate "2001.09.11"]
[SourceQuality "1"]

1. e4 c5 2. Nf3 Nc6 3. c3 d5 4. exd5 Qxd5 5. d4 Bg4 6. Be2 cxd4 7. cxd4 e6 8. Nc3 Qa5 9. h3 Bh5 10. d5 exd5 11. Nd4 Bxe2 12. Qxe2+ Be7 13. Nxc6 bxc6 14. 0-0 Kf8 15. Re1 Rd8 16. Bd2 d4 17. Ne4 Qb5 18. Qf3 Qd5 19. Rac1 h5 20. Qd3 g5 21. Bxg5 Bxg5 22. Rc5 Qxa2 23. Nxg5 Rd5 24. Rxc6 Ne7 1-0

[Event "Kavala op 09th"]
[Site "Kavala"]
[Date "2000.07.27"]
[Round "4"]
[White "Mastrovasilis, Athanasios"]
[Black "Papadopoulou, Triantafilia"]
[Result "1-0"]
[WhiteElo "2372"]
[BlackElo "2146"]
[PlyCount "61"]
[EventDate "2000.07.25"]
[EventType "swiss"]
[EventRounds "9"]
[EventCountry "GRE"]
[SourceTitle "EXT 2001"]
[Source "ChessBase"]
[SourceDate "2000.11.22"]
[SourceVersion "1"]
[SourceVersionDate "2000.11.22"]
[SourceQuality "1"]

1. d4 Nf6 2. c4 g6 3. Nc3 Bg7 4. e4 0-0 5. Bg5 d6 6. Qd2 c5 7. d5 a6 8. a4 e6 9. Nf3 exd5 10. exd5 Bg4 11. Be2 Nbd7 12. 0-0 Qa5 13. Bf4 Rfe8 14. Bxd6 Ne4 15. Nxe4 Qxd2 16. Nfxd2 Bxe2 17. Rfe1 Bd3 18. Re3 Bxe4 19. Nxe4 Bxb2 20. Rb1 Bd4 21. Re2 b5 22. axb5 axb5 23. cxb5 Nb6 24. Kf1 Nxd5 25. Rc1 c4 26. Rd1 Ra1 27. Rxa1 Bxa1 28. b6 Bd4 29. b7 Ba7 30. Ra2 Bb8 31. Bxb8 1-0

[Event "GRE-chT 29th"]
[Site "Athens"]
[Date "2000.07.11"]
[Round "6"]
[White "Petraki, Maria"]
[Black "Papadopoulou, Triantafilia"]
[Result "1-0"]
[WhiteElo "2119"]
[BlackElo "2146"]
[PlyCount "111"]
[EventDate "2000.07.06"]
[EventType "team"]
[EventRounds "8"]
[EventCountry "GRE"]
[SourceTitle "EXT 2001"]
[Source "ChessBase"]
[SourceDate "2000.11.22"]
[SourceVersion "1"]
[SourceVersionDate "2000.11.22"]
[SourceQuality "1"]

1. e4 c5 2. b3 Nc6 3. Bb2 e6 4. Nc3 Nf6 5. f4 d5 6. e5 Ng8 7. Nf3 Nh6 8. Be2 Nf5 9. 0-0 h5 10. a3 a6 11. Bd3 g6 12. Ne2 Nh6 13. Qb1 Nf5 14. c4 dxc4 15. bxc4 h4 16. Ng5 Be7 17. Nf3 b6 18. Nc3 Bb7 19. Ne4 Ncd4 20. Bxd4 Nxd4 21. Neg5 h3 22. g3 Bxg5 23. Nxg5 Nf5 24. Nf3 Qc7 25. Be4 Rd8 26. Re1 Nd4 27. Ng5 Bxe4 28. Qxe4 Qc6 29. Rab1 Qxe4 30. Rxe4 b5 31. cxb5 axb5 32. Rb2 Ra8 33. Re3 c4 34. Ne4 Ke7 35. Nd6 Rhb8 36. Kf2 f6 37. g4 fxe5 38. fxe5 Nb3 39. Rxh3 Rh8 40. Rxh8 Rxh8 41. Kg3 Nd4 42. Nxb5 Nc6 43. Nc3 Nxe5 44. Rb5 Nd3 45. a4 e5 46. h4 Rf8 47. a5 Rf1 48. a6 Ra1 49. Rb7+ Kd6 50. Rb6+ Kc5 51. Rxg6 Nb4 52. h5 Nxa6 53. h6 Nc7 54. Rg5 Kd4 55. h7 Ne6 56. h8Q 1-0

[Event "GRE-chT 29th"]
[Site "Athens"]
[Date "2000.07.06"]
[Round "1"]
[White "Papadopoulou, Triantafilia"]
[Black "Giaidzi, Aspasia"]
[Result "1-0"]
[WhiteElo "2146"]
[BlackElo "2060"]
[PlyCount "69"]
[EventDate "2000.07.06"]
[EventType "team"]
[EventRounds "8"]
[EventCountry "GRE"]
[SourceTitle "EXT 2001"]
[Source "ChessBase"]
[SourceDate "2000.11.22"]
[SourceVersion "1"]
[SourceVersionDate "2000.11.22"]
[SourceQuality "1"]

1. d4 Nf6 2. Bg5 d5 3. Bxf6 gxf6 4. e3 e5 5. Nf3 Bg7 6. c4 c6 7. Nc3 e4 8. Nh4 Be6 9. Qb3 Nd7 10. cxd5 cxd5 11. g3 Qb6 12. Bb5 Qd6 13. Ng2 0-0 14. Nf4 Nb6 15. 0-0 Rfd8 16. Qd1 a6 17. Be2 Bf8 18. Bg4 Qd7 19. Bxe6 fxe6 20. Qg4+ Kf7 21. Qh4 Bd6 22. Qxh7+ Ke8 23. Qg8+ Bf8 24. Nxe6 Ke7 25. Nxd8 Qxd8 26. Ne2 Qd6 27. Nf4 Kd7 28. Rac1 f5 29. Qf7+ Be7 30. Qxf5+ Ke8 31. Rc5 Qh6 32. Rc7 Rd8 33. Ng6 Nd7 34. Qe6 Qg7 35. f3 1-0

[Event "BUL-GRE (Women)"]
[Site "Corfu"]
[Date "1999.10.15"]
[Round "4"]
[White "Djingarova, Emilia"]
[Black "Papadopoulou, Triantafilia"]
[Result "1/2-1/2"]
[WhiteElo "2146"]
[BlackElo "2191"]
[PlyCount "24"]
[EventDate "1999.10.12"]
[EventType "schev"]
[EventRounds "4"]
[EventCountry "GRE"]
[SourceTitle "EXT 2000"]
[Source "ChessBase"]
[SourceDate "1999.11.16"]
[SourceVersion "1"]
[SourceVersionDate "1999.11.16"]
[SourceQuality "1"]

1. e4 c5 2. Nf3 Nc6 3. d4 cxd4 4. Nxd4 g6 5. Nc3 Bg7 6. Nde2 Nf6 7. g3 0-0 8. Bg2 d6 9. 0-0 Bd7 10. h3 Ne5 11. b3 b5 12. Be3 b4 1/2-1/2

[Event "BUL-GRE (Women)"]
[Site "Corfu"]
[Date "1999.10.13"]
[Round "2"]
[White "Papadopoulou, Triantafilia"]
[Black "Velcheva, Maria"]
[Result "0-1"]
[WhiteElo "2191"]
[BlackElo "2305"]
[PlyCount "94"]
[EventDate "1999.10.12"]
[EventType "schev"]
[EventRounds "4"]
[EventCountry "GRE"]
[SourceTitle "EXT 2000"]
[Source "ChessBase"]
[SourceDate "1999.11.16"]
[SourceVersion "1"]
[SourceVersionDate "1999.11.16"]
[SourceQuality "1"]

1. d4 d5 2. Nf3 e6 3. Bf4 Bd6 4. Bg3 Nf6 5. Nbd2 b6 6. e3 0-0 7. a4 a5 8. c3 Ne4 9. Nxe4 dxe4 10. Nd2 Bb7 11. Qc2 f5 12. 0-0-0 Nd7 13. f3 Bxg3 14. hxg3 Qg5 15. Bc4 Bd5 16. Bxd5 exd5 17. Nf1 c6 18. Qe2 Rab8 19. g4 fxg4 20. fxe4 dxe4 21. Ng3 Nf6 22. Rdf1 g6 23. Rf4 Qd5 24. Rhf1 Kg7 25. R1f2 b5 26. axb5 cxb5 27. Qf1 Qd6 28. Nxe4 Nxe4 29. Rxe4 Rxf2 30. Qxf2 Rf8 31. Qe2 b4 32. c4 h5 33. c5 Qg3 34. Re6 b3 35. Qd3 Qe1+ 36. Qd1 Qb4 37. Qd3 Qe1+ 38. Qd1 Qb4 39. Qd3 Rf6 40. Rxf6 Qe1+ 41. Qd1 Qxd1+ 42. Kxd1 Kxf6 43. e4 h4 44. e5+ Ke7 45. c6 h3 46. d5 hxg2 47. d6+ Ke6 0-1

[Event "Korinthos op 3rd"]
[Site "Korinthos"]
[Date "1999.07.25"]
[Round "2"]
[White "Papaioannou, Ioannis"]
[Black "Papadopoulou, Triantafilia"]
[Result "1-0"]
[WhiteElo "2561"]
[BlackElo "2191"]
[PlyCount "51"]
[EventDate "1999.07.27"]
[EventType "swiss"]
[EventRounds "9"]
[EventCountry "GRE"]
[SourceTitle "EXT 2000"]
[Source "ChessBase"]
[SourceDate "1999.11.16"]
[SourceVersion "1"]
[SourceVersionDate "1999.11.16"]
[SourceQuality "1"]

1. e4 c5 2. Nf3 Nc6 3. c3 d5 4. exd5 Qxd5 5. d4 Bg4 6. Be2 cxd4 7. cxd4 e6 8. Nc3 Qa5 9. d5 exd5 10. Nd4 Bxe2 11. Qxe2+ Be7 12. Nxc6 bxc6 13. 0-0 Kf8 14. a3 Bf6 15. Bf4 g6 16. b4 Qd8 17. Rac1 Kg7 18. Rfd1 Ne7 19. Ne4 dxe4 20. Rxd8 Raxd8 21. Qxe4 Rd4 22. Qf3 Rhd8 23. h4 Rd3 24. Bh6+ Kxh6 25. Qxf6 R8d7 26. Rc5 1-0

[Event "GRE-ch (Women)"]
[Site "Athens"]
[Date "1999.??.??"]
[Round "4"]
[White "Botsari, Anna Maria"]
[Black "Papadopoulou, Triantafilia"]
[Result "1-0"]
[WhiteElo "2309"]
[BlackElo "2191"]
[PlyCount "69"]
[EventDate "1999.??.??"]
[EventType "tourn"]
[EventRounds "9"]
[EventCountry "GRE"]
[SourceTitle "EXT 2001"]
[Source "ChessBase"]
[SourceDate "2000.11.22"]
[SourceVersion "1"]
[SourceVersionDate "2000.11.22"]
[SourceQuality "1"]

1. d4 Nf6 2. c4 g6 3. Nc3 Bg7 4. e4 d6 5. f3 0-0 6. Bg5 c5 7. d5 e6 8. Qd2 exd5 9. cxd5 h6 10. Be3 Re8 11. a4 a6 12. Nge2 Nbd7 13. Nd1 Nh7 14. Nf2 h5 15. Nc3 Rb8 16. Be2 Ndf6 17. 0-0 h4 18. Ra3 Bd7 19. Rb1 b5 20. axb5 axb5 21. b4 c4 22. Rba1 Nh5 23. f4 f5 24. Bf3 N7f6 25. Ra6 Qe7 26. Re1 g5 27. fxg5 Ng4 28. h3 Nxe3 29. Bxh5 Qxg5 30. Qxe3 Qxh5 31. Rxd6 Bc8 32. Ne2 Bf8 33. Nf4 Qh7 34. Rg6+ Kf7 35. Qd4 1-0

[Event "GRE-chT 28th (Women)"]
[Site "Kavala"]
[Date "1999.??.??"]
[Round "?"]
[White "Kouvatsou, Maria"]
[Black "Papadopoulou, Triantafilia"]
[Result "0-1"]
[WhiteElo "2155"]
[BlackElo "2191"]
[PlyCount "70"]
[EventDate "1999.??.??"]
[EventType "team"]
[EventRounds "8"]
[EventCountry "GRE"]
[SourceTitle "EXT 2002"]
[Source "ChessBase"]
[SourceDate "2001.11.25"]
[SourceVersion "1"]
[SourceVersionDate "2001.11.25"]
[SourceQuality "1"]

1. e4 c5 2. Nf3 Nc6 3. c3 d5 4. exd5 Qxd5 5. d4 Bg4 6. Be2 cxd4 7. cxd4 e6 8. Nc3 Qa5 9. h3 Bh5 10. d5 exd5 11. Nd4 Bxe2 12. Qxe2+ Be7 13. Nxc6 bxc6 14. 0-0 Kf8 15. Bf4 Qd8 16. Qa6 Qb6 17. Qa4 g5 18. Be3 Qb7 19. f4 g4 20. hxg4 Nf6 21. f5 h5 22. g5 Ng4 23. Bd4 Bxg5 24. Rf3 Qc7 25. Rh3 Bf6 26. Bc5+ Kg7 27. Rf1 Rab8 28. Qc2 Rbe8 29. Nxd5 Qd8 30. Nxf6 Qxf6 31. Bxa7 Ra8 32. Bc5 Rhd8 33. Rxh5 Rh8 34. Rxh8 Rxh8 35. Qe4 Rh1+ 0-1

[Event "Kavala op 08th"]
[Site "Kavala"]
[Date "1998.08.13"]
[Round "3"]
[White "Belakovskaia, Anjelina"]
[Black "Papadopoulou, Triantafilia"]
[Result "0-1"]
[WhiteElo "2380"]
[BlackElo "2190"]
[PlyCount "138"]
[EventDate "1998.08.??"]
[EventType "swiss"]
[EventRounds "9"]
[EventCountry "GRE"]
[SourceTitle "EXT 2004"]
[Source "ChessBase"]
[SourceDate "2003.11.25"]
[SourceVersion "1"]
[SourceVersionDate "2003.11.25"]
[SourceQuality "1"]

1. d4 Nf6 2. c4 g6 3. Nc3 Bg7 4. e4 d6 5. f3 0-0 6. Be3 e5 7. Nge2 c6 8. Qd2 Nbd7 9. d5 cxd5 10. cxd5 a6 11. g4 h5 12. h3 Nh7 13. Rg1 h4 14. g5 f6 15. gxf6 Rxf6 16. Bg2 b5 17. Nd1 a5 18. Rc1 b4 19. Nf2 Nc5 20. Bxc5 dxc5 21. Nd3 Rf7 22. Bh1 g5 23. Bg2 g4 24. fxg4 Ng5 25. Rxc5 Bxg4 26. hxg4 h3 27. Bh1 h2 28. Rf1 Rxf1+ 29. Kxf1 Qf6+ 30. Nef4 exf4 31. e5 Qh6 32. d6 Qh3+ 33. Ke1 Nf3+ 34. Bxf3 Qxf3 35. Qxh2 Qxd3 36. Qxf4 Rf8 37. Qc4+ Qxc4 38. Rxc4 Bxe5 39. d7 Rd8 40. Rc8 Bf6 41. Kd1 Kf7 42. Kc2 Rxd7 43. Rc5 Bd8 44. Kb3 Rd3+ 45. Ka4 Rd2 46. Kb3 Rg2 47. Rd5 Ke8 48. Re5+ Kd7 49. Rd5+ Kc8 50. Rc5+ Kb7 51. Rd5 Bb6 52. g5 Kc6 53. Rf5 Bd8 54. Rf8 Kd7 55. Rf7+ Be7 56. Rf5 Rxg5 57. Rxg5 Bxg5 58. Ka4 Bd8 59. Kb5 Kd6 60. Kc4 Kc6 61. Kb3 Kb5 62. Kc2 a4 63. Kc1 Kc4 64. Kc2 Bg5 65. Kb1 Kd3 66. a3 bxa3 67. bxa3 Kc4 68. Kb2 Bh4 69. Ka2 Kc3 0-1

[Event "Kavala op 08th"]
[Site "Kavala"]
[Date "1998.08.12"]
[Round "2"]
[White "Graf, Alexander"]
[Black "Papadopoulou, Triantafilia"]
[Result "1/2-1/2"]
[WhiteElo "2625"]
[BlackElo "2190"]
[PlyCount "136"]
[EventDate "1998.08.??"]
[EventType "swiss"]
[EventRounds "9"]
[EventCountry "GRE"]
[SourceTitle "EXT 2004"]
[Source "ChessBase"]
[SourceDate "2003.11.25"]
[SourceVersion "1"]
[SourceVersionDate "2003.11.25"]
[SourceQuality "1"]

1. d4 Nf6 2. c4 g6 3. Nc3 Bg7 4. e4 d6 5. f3 0-0 6. Be3 e5 7. d5 c6 8. Bd3 cxd5 9. cxd5 Nh5 10. Nge2 f5 11. Qd2 a6 12. a4 Nd7 13. a5 Nc5 14. Bc2 fxe4 15. Nxe4 Nxe4 16. Bxe4 Bf5 17. Nc3 Rc8 18. 0-0 Nf4 19. Ra4 Bxe4 20. Nxe4 Qc7 21. b3 Qc2 22. Nxd6 Qxd2 23. Bxd2 Rc5 24. Bxf4 exf4 25. Rd1 Rd8 26. b4 Rc2 27. Ne4 Rc4 28. Kf1 Rd4 29. Rxd4 Bxd4 30. d6 Be5 31. Ra3 Bxd6 32. Rd3 Be7 33. Rxd8+ Bxd8 34. Ke2 Be7 35. Nc5 Bxc5 36. bxc5 Kf7 37. Kd3 Ke6 38. Ke4 Kd7 39. Kxf4 Kc6 40. Kg5 Kxc5 41. f4 b5 42. axb6 Kxb6 43. g4 a5 44. f5 gxf5 45. gxf5 a4 46. f6 a3 47. f7 a2 48. f8Q a1Q 49. Qd6+ Kb5 50. Kh6 Qa7 51. Qd5+ Kb4 52. h4 Qe7 53. h5 Kc3 54. Qg8 Kd4 55. Qh8+ Kd5 56. Qg8+ Kd6 57. Qg2 Ke6 58. Qe4+ Kf6 59. Qd4+ Kf5 60. Qg1 Ke6 61. Qg4+ Ke5 62. Qg8 Kf6 63. Qg5+ Ke6 64. Qg3 Kf6 65. Qg8 Kf5 66. Qg7 Qxg7+ 67. Kxg7 h6 68. Kxh6 Kf6 1/2-1/2